<?xml version="1.0" encoding="UTF-8"?>
<collection xmlns="http://www.loc.gov/MARC21/slim">
<record>
  <controlfield tag="001">120095</controlfield>
  <controlfield tag="005">20221202152122.0</controlfield>
  <datafield tag="024" ind1="7" ind2=" ">
    <subfield code="2">doi</subfield>
    <subfield code="a">10.3989/ceg.2022.135.05</subfield>
  </datafield>
  <datafield tag="024" ind1="8" ind2=" ">
    <subfield code="2">sideral</subfield>
    <subfield code="a">130809</subfield>
  </datafield>
  <datafield tag="037" ind1=" " ind2=" ">
    <subfield code="a">ART-2022-130809</subfield>
  </datafield>
  <datafield tag="041" ind1=" " ind2=" ">
    <subfield code="a">deu</subfield>
  </datafield>
  <datafield tag="100" ind1=" " ind2=" ">
    <subfield code="a">Ares Legaspi, Adrián</subfield>
    <subfield code="u">Universidad de Zaragoza</subfield>
    <subfield code="0">(orcid)0000-0003-0241-4883</subfield>
  </datafield>
  <datafield tag="245" ind1=" " ind2=" ">
    <subfield code="a">La socialización de los notarios compostelanos en los siglos XIV-XVI a través de la cofradía de cambiadores de Santiago</subfield>
  </datafield>
  <datafield tag="260" ind1=" " ind2=" ">
    <subfield code="c">2022</subfield>
  </datafield>
  <datafield tag="520" ind1="3" ind2=" ">
    <subfield code="a">El objetivo de esta investigación es el análisis de las redes y prácticas sociales de los notarios compostelanos en los siglos XIV-XVI a través de su pertenencia a la cofradía de cambiadores de Santiago y del ejercicio de su profesión. Mediante una aproximación desde la diplomática a los Libros dos Cambeadores, a los protocolos notariales, a la legislación y a otros casos peninsulares, comprobaremos que la cofradía de cambiadores se convirtió en punto de encuentro de los distintos tipos de notarios, donde crear y asentar los vínculos familiares y profesionales con el resto de la oligarquía urbana. Una realidad marcada por la endogamia del notariado, su política matrimonial, la patrimonialización de los oficios, la diversificación de sus actividades económicas y, finalmente, la movilidad social de estos profesionales. En suma, los notarios compostelanos se convirtieron en intermediarios imprescindibles dentro de la comunidad en el plano administrativo, social, económico y cultural, gracias a su posición socioeconómica elevada y a su trabajo en el ámbito de la cultura escrita.</subfield>
  </datafield>
  <datafield tag="506" ind1="0" ind2=" ">
    <subfield code="a">Access copy available to the general public</subfield>
    <subfield code="f">Unrestricted</subfield>
  </datafield>
  <datafield tag="540" ind1=" " ind2=" ">
    <subfield code="9">info:eu-repo/semantics/openAccess</subfield>
    <subfield code="a">by</subfield>
    <subfield code="u">http://creativecommons.org/licenses/by/3.0/es/</subfield>
  </datafield>
  <datafield tag="655" ind1=" " ind2="4">
    <subfield code="a">info:eu-repo/semantics/article</subfield>
    <subfield code="v">info:eu-repo/semantics/publishedVersion</subfield>
  </datafield>
  <datafield tag="710" ind1="2" ind2=" ">
    <subfield code="1">3012</subfield>
    <subfield code="2">085</subfield>
    <subfield code="a">Universidad de Zaragoza</subfield>
    <subfield code="b">Dpto. Historia</subfield>
    <subfield code="c">Área Ciencias Técnicas Histor.</subfield>
  </datafield>
  <datafield tag="773" ind1=" " ind2=" ">
    <subfield code="g">69, 135 (2022), 155-181</subfield>
    <subfield code="p">Cuad. estud. gallegos</subfield>
    <subfield code="t">Cuadernos de estudios gallegos</subfield>
    <subfield code="x">0210-847X</subfield>
  </datafield>
  <datafield tag="856" ind1="4" ind2=" ">
    <subfield code="s">384392</subfield>
    <subfield code="u">http://zaguan.unizar.es/record/120095/files/texto_completo.pdf</subfield>
    <subfield code="y">Versión publicada</subfield>
  </datafield>
  <datafield tag="856" ind1="4" ind2=" ">
    <subfield code="s">822105</subfield>
    <subfield code="u">http://zaguan.unizar.es/record/120095/files/texto_completo.jpg?subformat=icon</subfield>
    <subfield code="x">icon</subfield>
    <subfield code="y">Versión publicada</subfield>
  </datafield>
  <datafield tag="909" ind1="C" ind2="O">
    <subfield code="o">oai:zaguan.unizar.es:120095</subfield>
    <subfield code="p">articulos</subfield>
    <subfield code="p">driver</subfield>
  </datafield>
  <datafield tag="951" ind1=" " ind2=" ">
    <subfield code="a">2022-12-02-13:56:42</subfield>
  </datafield>
  <datafield tag="980" ind1=" " ind2=" ">
    <subfield code="a">ARTICLE</subfield>
  </datafield>
</record>
</collection>